000 00711cab a2200253 4500
001 ABS46172
008 090401t1992 xxu||||| |||| 00| 0 eng d
035 _a(Sirsi) u57052
041 _aeng
100 _aHamer, M.
245 _aBack on the rails
260 _c1992
350 _a0
490 _aMunicipal Journal
_v(10) 6-12 March 1992, 20-21(2)
520 _aReports on Manchester`s new tramway, Metrolink. It is the first tramway to be built in Britain since the 1930s.
650 _aLIGHT RAILWAYS
650 _aRAILWAYS
650 _aRAPID TRANSIT SYSTEMS
650 _aTRAMS
650 _aURBAN TRANSPORT
690 _aTRANSPORT AND COMMUNICATIONS
942 _n0
948 _c04/03/1997
999 _c34784
_d34784